Water and wastewater calculations manual
Sparad:
| Huvudupphovsman: | |
|---|---|
| Materialtyp: | Bok |
| Språk: | engelska |
| Publicerad: |
Nueva York
McGraw Hill
2007
|
| Upplaga: | 2a. ed |
| Ämnen: | |
| Taggar: |
Lägg till en tagg
Inga taggar, Lägg till första taggen!
|
MARC
| LEADER | 00000nam a2200000 a 4500 | ||
|---|---|---|---|
| 001 | UCI9376 | ||
| 003 | CL-VaPUC | ||
| 008 | 081113e20070000US |||||||||||||||||eng|d | ||
| 020 | |a 9780071476249 | ||
| 082 | 0 | 4 | |a 628.1 |b LIN |2 21 |
| 100 | |a Lin, Shun Dar |e autor |9 533119 | ||
| 245 | 1 | 0 | |a Water and wastewater calculations manual |
| 250 | |a 2a. ed | ||
| 300 | |a 945 p | ||
| 942 | |c BK | ||
| 945 | |d 20081113 00:00:00 |a rbrito | ||
| 260 | |a Nueva York |b McGraw Hill |c 2007 | ||
| 650 | 0 | |a Abastecimiento de agua |9 260374 | |
| 650 | 0 | |a Agua |9 257149 | |
| 650 | 0 | |a Tratamiento del agua |9 262889 | |
| 650 | 0 | |a Hidráulica |9 260193 | |
| 650 | 0 | |a Tratamiento de residuos |9 262890 | |
| 650 | 0 | |a Protección del medio ambiente |9 257626 | |
| 583 | |a last modification |c 20120418 10:58:23 |k Rodrigo Vera | ||
| 999 | |c 331934 |d 331932 | ||
| 952 | |0 0 |1 0 |4 0 |6 628_100000000000000_LIN_2007 |7 0 |8 A |9 419175 |a BIBING |b BIBING |d 2019-11-22 |i 4496698 |o 628.1 LIN 2007 |p 4496698 |r 2025-01-20 |w 2019-11-22 |y BK |k EIB | ||